| 000 | 00808nas a2200229 a 4500 | ||
|---|---|---|---|
| 001 | 000043737 | ||
| 003 | DLC | ||
| 005 | 20201002044938.0 | ||
| 008 | 140408c19769999dr mr1p d 0 0spa d | ||
| 040 |
_aDO-SdBNP _bspa _cBNPHU |
||
| 043 | _anwdr | ||
| 245 | 0 | 3 |
_aEl ferretero / _córgano de la Asociación de Ferreteros de Santo Domingo. |
| 260 |
_aSanto Domingo : _bAsociación de Ferreteros de Santo Domingo, _c1976 _fTele 3 |
||
| 300 |
_av. : _bil. ; _c28 cm. |
||
| 310 | _aMensual | ||
| 362 | 1 | _aInicia con: Año.1, no.1 | |
| 500 | _aCatalogación basada en: Año.1, no.1 | ||
| 500 | _aDirector general: 1976, José E. Julia | ||
| 651 | 4 |
_aRepública Dominicana _vPUBLICACIONES PERIÓDICAS _925092 |
|
| 700 | 1 |
_aJulia, José E., _edir. _971561 |
|
| 710 | 2 |
_aAsociación de Ferreteros de Santo Domingo _971562 |
|
| 999 |
_c43226 _d43226 |
||